000 00445nam a2200181Ia 4500
001 4449
005 20260306145757.0
008 260306t2019||||xx |||||||||||||| ||spa||
041 _aESP
082 _a322.1098
_bP45
100 _aPérez Guadalupe, José Luis
_eAUT
245 0 _aEvangélicos y poder en América Latina
260 _c2019
300 _a534 páginas :
_c24 cm.
650 _aGEN
654 _aCHU
942 _cLIB
_dJUS
_fJUS
_2ddc
_n
999 _c4449
_d4449